Ballon d'or 2021 - Classement - Statistiques

Statistiques générales
  • Ce quiz a été pris 394 fois
  • Le résultat moyen est 26 sur 30
Statistiques - réponses
Rang Pays Club(s) Joueur % Correct
#1 Argentine FC Barcelone / PSG Lionel Messi
100%
#4 France Real Madrid Karim Benzema
99%
#9 France PSG Kylian Mbappé
99%
#7 Egypte Liverpool Mohamed Salah
99%
#6 Portugal Juvetnus / Manchester United Cristiano Ronaldo
98%
#11 Norvège Borussia Dortmund Erling Haaland
98%
#2 Pologne Bayern Munich Robert Lewandowski
98%
#8 Belgique Manchester City Kevin De Bruyne
97%
#16 Brésil PSG Neymar Jr
96%
#5 France Chelsea N'Golo Kanté
96%
#10 Italie AC Milan / PSG Gianluigi Donnarumma
95%
- Croatie Real Madrid Luka Modric
95%
#23 Angleterre Tottenham Harry Kane
93%
#20 Algérie Manchester City Riyad Mahrez
93%
#12 Belgique Inter Milan / Chelsea Romelu Lukaku
92%
#3 Italie Chelsea Jorginho
90%
#17 Uruguay Atlético Madrid Luis Suarez
89%
#21 Portugal Manchester United Bruno Fernandes
85%
- Argentine Inter Milan Lautaro Martinez
85%
#24 Espagne FC Barcelone Pedri
85%
#13 Italie Juventus Giorgio Chiellini
84%
#14 Italie Juventus Leonardo Bonucci
84%
#25 Angleterre Manchester City Phil Foden
82%
- Portugal Manchester City Ruben Dias
81%
#15 Angleterre Manchester City Raheem Sterling
77%
#26 Italie Inter Milan Nicolo Barella
71%
#18 Danemark AC Milan Simon Kjaer
69%
#29 Espagne Chelsea Cesar Azpilicueta
64%
#19 Angleterre Chelsea Mason Mount
61%
- Espagne Villarreal Gerard Moreno
55%
Aucun quiz correspondant
Distribution des résultats
% des personnes avec chaque résultat
Percentile par nombre de réponses
Votre historique - résultats
Vous n’avez pas pris ce quiz